000 00517nam a2200181Ia 4500
999 _c16790
_d16790
003 OSt
005 20200606120007.0
008 190216s9999||||xx |||||||||||||| ||und||
020 _a9789380044378
040 _cMESKC library
082 _a891.43
_bPRA/E
100 _aPrakash, Swayam
_9321
245 0 _aEk Kahaanikaar Ki Notebook /
_cSwayam Prakash
260 _bAnthika Prakashan,
_c2010.
_aDelhi:
300 _a151p
650 _aHindi
942 _cBK
_2ddc
_h891.433
_iPRA/E
_k891.433
_mPRA/E